Management Information systems: (Record no. 13488)

MARC details
000 -LEADER
fixed length control field 00754nam a22002297a 4500
001 - CONTROL NUMBER
control field 13488
005 - DATE AND TIME OF LATEST TRANSACTION
control field 20260226073056.0
008 - FIXED-LENGTH DATA ELEMENTS--GENERAL INFORMATION
fixed length control field 260226b xxu||||| |||| 00| 0 eng d
020 ## - INTERNATIONAL STANDARD BOOK NUMBER
International Standard Book Number 0131206818
040 ## - CATALOGING SOURCE
Original cataloging agency BSULIB
082 ## - DEWEY DECIMAL CLASSIFICATION NUMBER
Edition number 22
Classification number 658.4
Item number LAU
100 ## - MAIN ENTRY--PERSONAL NAME
Personal name Laudon, Kenneth C.
9 (RLIN) 8843
245 ## - TITLE STATEMENT
Title Management Information systems:
Remainder of title Managing the digital firm/
Statement of responsibility, etc Kenneth C. Laudon and Jane P. Laudon.
250 ## - EDITION STATEMENT
Edition statement 11th global ed.
260 ## - PUBLICATION, DISTRIBUTION, ETC. (IMPRINT)
Place of publication, distribution, etc New Jersy:
Name of publisher, distributor, etc Pearson Education,
Date of publication, distribution, etc 2010.
300 ## - PHYSICAL DESCRIPTION
Extent xxxii, 653 P.:
Other physical details ill. (some col.);
Dimensions 27cm.
500 ## - GENERAL NOTE
General note Includes bibliographical references and index
650 ## - SUBJECT ADDED ENTRY--TOPICAL TERM
Topical term or geographic name as entry element Management information systems
Form subdivision Digital firm
9 (RLIN) 8844
658 ## - INDEX TERM--CURRICULUM OBJECTIVE
Main curriculum objective Management
700 ## - ADDED ENTRY--PERSONAL NAME
Personal name Laudon, Jane P
9 (RLIN) 26311
942 ## - ADDED ENTRY ELEMENTS (KOHA)
Source of classification or shelving scheme Dewey Decimal Classification
Item type Books
Holdings
Withdrawn status Lost status Source of classification or shelving scheme Damaged status Not for loan Home library Current library Shelving location Date acquired Source of acquisition Inventory number Total Checkouts Full call number Barcode Date last seen Copy number Price effective from Koha item type Public note
    Dewey Decimal Classification     Main Library Main Library Reserve Book Section 26/02/2026 Purchased 25587   658.4 LAU bsu26020512 26/02/2026 001 26/02/2026 Books Material available in hard copy

© 2017 Bishop Stuart University Library. All Rights Reserved.
Kakoba Campus, Plot 150 Buremba Road | P.O. Box 9, Mbarara, UGANDA | Tel: +256-772-463068
Email: library@bsu.ac.ug